| 000 | 00687nam a2200217 4500 | ||
|---|---|---|---|
| 001 | 16463 | ||
| 010 | _a9789722130554 | ||
| 021 | _b473289/20 | ||
| 090 | _a16463 | ||
| 100 | _a20201209d2020 em y0pory50030103ba | ||
| 200 | 1 |
_aO gato que chora como pessoa _fGeremias Mendoso _gil. Samuel Djive |
|
| 205 | _a1ยช ed | ||
| 210 | 9 |
_aAlfragide _cCaminho, _d2020 |
|
| 215 |
_a100 p. _cil. _d22 cm |
||
| 606 |
_973 _aLiteratura Portuguesa |
||
| 675 |
_a821.134.3(679)-34"20" _vBN _zpor |
||
| 700 | 1 |
_aMendoso, _bGeremias, _f1996- |
|
| 702 | 1 |
_aDjive, _bSamuel, _f1979- |
|
| 801 | 0 |
_aPT _bBN _gRPC |
|
| 856 | 4 | 1 | _uhttp://rnod.bnportugal.gov.pt/ImagesBN/winlibimg.aspx?skey=&doc=2061125&img=146443&save=true |
| 990 | _cLIVROS | ||